Caminar por senderos propios : (Registro nro. 62080)
[ vista simple ]
| 000 -LEADER | |
|---|---|
| campo de control de longitud fija | 03613cam a2200397 i 4500 |
| 000 - LEADER | |
| campo de control de longitud fija | nam a22 7a 4500 |
| 001 - NÚMERO DE CONTROL | |
| campo de control | 21353405 |
| 005 - FECHA Y HORA DE LA ÚLTIMA TRANSACCIÓN | |
| campo de control | 20231030092324.0 |
| 008 - DATOS DE LONGITUD FIJA--INFORMACIÓN GENERAL | |
| campo de control de longitud fija | 191115s2018 mx ab b 000 0 spa |
| 010 ## - NÚMERO DE CONTROL DE LA BIBLIOTECA DEL CONGRESO | |
| Número de control de LC | 2020367051 |
| 020 ## - NÚMERO INTERNACIONAL ESTÁNDAR DEL LIBRO | |
| Número Internacional Estándar del Libro | 9786075255583 |
| 035 ## - NÚMERO DE CONTROL DEL SISTEMA | |
| Número de control de sistema | (Mx-MxBFM)bfm970189090 |
| 040 ## - FUENTE DE CATALOGACIÓN | |
| Centro catalogador/agencia de origen | DLC |
| Lengua de catalogación | eng |
| Normas de descripción | rda |
| Centro/agencia transcriptor | DLC |
| 042 ## - CÓDIGO DE AUTENTICACIÓN | |
| Código de autenticación | pcc |
| 043 ## - CÓDIGO DE ÁREA GEOGRÁFICA | |
| Código de área geográfica | n-mx--- |
| 050 00 - SIGNATURA TOPOGRÁFICA DE LA BIBLIOTECA DEL CONGRESO | |
| Número de clasificación | HQ1462 |
| Número de ítem | .C345 2018 |
| 245 00 - MENCIÓN DEL TÍTULO | |
| Título | Caminar por senderos propios : |
| Resto del título | las mujeres en los siglos XVII-XX / |
| Mención de responsabilidad, etc. | Gloria A. Tirado Villegas, Elva Rivera Gómez, coordinadoras. |
| 250 ## - MENCION DE EDICION | |
| Mención de edición | Primera edición. |
| 264 #1 - PRODUCCIÓN, PUBLICACIÓN, DISTRIBUCIÓN, FABRICACIÓN Y COPYRIGHT | |
| Producción, publicación, distribución, fabricación y copyright | Puebla, Pue. : |
| Nombre del de productor, editor, distribuidor, fabricante | Benemérita Universidad Autónoma de Puebla ; |
| Producción, publicación, distribución, fabricación y copyright | Querétaro, Querétaro, México : |
| Nombre del de productor, editor, distribuidor, fabricante | Universidad Autónoma de Querétaro, |
| Fecha de producción, publicación, distribución, fabricación o copyright | [2018?] |
| 300 ## - DESCRIPCIÓN FÍSICA | |
| Extensión | 226 pages : |
| Otras características físicas | illustrations, maps ; |
| Dimensiones | 23 cm |
| 336 ## - TIPO DE CONTENIDO | |
| Término de tipo de contenido | text |
| Código de tipo de contenido | txt |
| Fuente | rdacontent |
| 337 ## - TIPO DE MEDIO | |
| Nombre/término del tipo de medio | unmediated |
| Código del tipo de medio | n |
| Fuente | rdamedia |
| 338 ## - TIPO DE SOPORTE | |
| Nombre/término del tipo de soporte | volume |
| Código del tipo de soporte | nc |
| Fuente | rdacarrier |
| 500 ## - NOTA GENERAL | |
| Nota general | Contains photos, maps, graphs, tables. |
| 504 ## - NOTA DE BIBLIOGRAFÍA, ETC. | |
| Nota de bibliografía, etc. | Includes bibliographical references. |
| 505 0# - NOTA DE CONTENIDO CON FORMATO | |
| Nota de contenido con formato | La importancia de la transgresión en los estudios de vida cotidiana : Acapulco, siglo XVII / Luz Alejandra Cárdenas Santana -- Manuel Contreras, una mujer con espIritu moderno / Ana María del Socorro García García, Rocío Ochoa García [y] Julieta Arcos Chigo -- Angela Peralta : el Ruiseñor Mexicano, a través de la prensa queretana / Olivia Solís Hernández, María Concepción Padilla González -- La voz femenina en la prensa pedagógica mexicana : el caso de la profesora Clemencia Ostos a principios del siglo XX / Ana María del Socorro García García [y] Edwin Alberto Morales Vázquez -- Las mujeres de la educación : Oaxaca y la participación de las maestras en el porfiriato / Elva Rivera Gómez -- Las mujeres y la violencia en Puebla : entre dos realidades, el porfiriato / Elva Rivera Gómez -- Las mujeres y la violencia en Puebla : entre dos realidades, el porfiriato y su pantalla de progreso / Rita Martín Hernández Dávila -- Ante el deber, el derecho : madre, mujer y obrera frente al artículo constitucional 123 (1917-1920) / Ana Karen López Candia -- Entre el desencanto y la esperanza : acercamiento a las voces polifónicas del último discurso de Hermila Galindo, la feminista más relevante de la Revolución Mexicana / Rosa María Valles Ruiz -- Muchachas en acción : México como potencia en el basquetbol feminil de 1946 / Xochitl Andrea Sen Santos -- Una historia de resilencia y memoria : Judith García Barrera / Gloria Arminda Tirado Villegas -- Las cuidadoras de enfermos mentales : dos testimonios de madres de enfermos que esquizofrenia / Susana Torres Ortiz [y] Victoria Rita Ortiz Loyo -- Una mujer emprendedora y líder en el Valle del Mezquital, Hidalgo / María Elena Torres Cuevas -- Las feministas hacen suya la radio : Del Foro para la Mujer a Radio Violeta / Elvira Hernández Carballido [y] Layla Sánchez Kury -- Discursos representativos de la mujer migrante en la radionovela mexicana del siglo XXI / Mónica Ginez Toriz [y] Ulises Sebastián Serrano Arias. |
| 650 #0 - PUNTO DE ACCESO ADICIONAL DE MATERIA--TÉRMINO DE MATERIA | |
| Término de materia o nombre geográfico como elemento de entrada | Women |
| Subdivisión geográfica | Mexico |
| Subdivisión general | History. |
| 650 #0 - PUNTO DE ACCESO ADICIONAL DE MATERIA--TÉRMINO DE MATERIA | |
| Término de materia o nombre geográfico como elemento de entrada | Women |
| Subdivisión geográfica | Mexico |
| Subdivisión de forma | Biography. |
| 700 1# - ENTRADA AGREGADA--NOMBRE PERSONAL | |
| Nombre de persona | Tirado Villegas, Gloria, |
| Término indicativo de función/relación | editor. |
| 700 1# - ENTRADA AGREGADA--NOMBRE PERSONAL | |
| Nombre de persona | Rivera Gómez, Elva, |
| Término indicativo de función/relación | editor. |
| 906 ## - ELEMENTOS DE DATOS F LOCAL, LDF (RLIN) | |
| a | 7 |
| b | cbc |
| c | origres |
| d | 2 |
| e | ncip |
| f | 20 |
| g | y-gencatlg |
| 925 0# - | |
| -- | acquire |
| -- | 1 shelf copy |
| -- | policy default |
| 955 ## - INFORMACIÓN NIVEL-COPIA (RLIN) | |
| -- | bf09 2020-09-29 (telework) |
| -- | bf09 2020-09-29 (telework) |
| 923 ## - | |
| -- | 20191211 |
| -- | 3558 |
| -- | Mx-MxBFM |
| 985 ## - | |
| -- | VENDOR LOAD |
| 980 ## - EQUIVALENCIA O REFERENCIA-CRUZADA-MENCIÓN DE SERIE--NOMBRE DE PERSONA/TÍTULO [LOCAL, CANADÁ] | |
| ID del usuario creador del registro | 1 |
| Nombre del creador del registro | ALBERTO SANCHEZ Responsable de Automatización |
| ID del último usuario que modificó el registro | 1 |
| Nombre del último usuario que modificó el registro | ALBERTO SANCHEZ Responsable de Automatización |
No hay ítems disponibles.